000 00557nam a2200181Ia 4500
008 090630s9999 xx 000 0 und d
082 _b23082
100 _aजोशी एम. एन.
245 _aग्रामपंचायत.
_cजोशी एम. एन.
260 _bशांती - पुणे.
300 _a0
600 _aजोशी एम. एन.
630 _aग्रामपंचायत.
655 _a---
700 _aजोशी एम. एन.
730 _aग्रामपंचायत.
942 _cBOOK
999 _c274938
_d274938